000 00708nam a22002297a 4500
003 UA-OsUOA
001 98854
007 ta
008 20130418b un ||||| |||| 00| 0 ukr d
100 _aРоллан Р.
090 _a821.161.1
_bР67
942 _cBK
040 _aUA-OsUOA
_brus
_cUA-OsUOA
_dUA-OsUOA
245 _aСобрание сочинений в четырнадцати томах
_bТ. 13
_cПублицистика (1917 - 1939)
300 _a510 с.
955 _a2
041 _arus
080 _a821.161.1
260 _aМ.
_bХудожественная литература
_c1958
650 7 _a82 Література. Літературознавство
_2UDC
999 _c385212
_d385212